000
00329 a2200121 4500
001
ART_17540
005
20260410161750.0
008
260409a
245
1
0
_a
Competing on Analytics
100
1
_a
Harris, Jeanne G.
700
1
_a
Devenport, Thomas H.
773
0
_t
Book Summary
_g
- NÂș 11 (ene. 2008)
_w
REV4099
999
_c
19595
_d
19595